मेरे मित्र : (Record no. 19097)
[ view plain ]
| 000 -LEADER | |
|---|---|
| fixed length control field | 01460nam a22002657a 4500 |
| 005 - DATE AND TIME OF LATEST TRANSACTION | |
| control field | 20081125142331.0 |
| 008 - FIXED-LENGTH DATA ELEMENTS--GENERAL INFORMATION | |
| fixed length control field | 081125t xxu||||| |||| 00| 0 hind |
| 010 ## - LCCN (DPL NO) | |
| LC control number | HIN-85236 |
| 020 ## - INTERNATIONAL STANDARD BOOK NUMBER | |
| International Standard Book Number | 8170163501 |
| Terms of availability | 140.00 |
| 035 ## - SYSTEM CONTROL NUMBER | |
| System control number | HN-57582 |
| 037 ## - SOURCE OF ACQUISITION | |
| Source of stock number/acquisition | DBAD / PUB |
| 040 ## - CATALOGING SOURCE | |
| Original cataloging agency | DPL |
| Language of cataloging | HN |
| 082 ## - DEWEY DECIMAL CLASSIFICATION NUMBER | |
| Classification number | 808.883 |
| 100 ## - MAIN ENTRY--PERSONAL NAME | |
| Personal name | खुशवंत सिंह |
| 245 ## - TITLE STATEMENT | |
| Title | मेरे मित्र : |
| Remainder of title | खुशवंत सिंह; उषा महाजन द्वारा अंग्रेजी से हिंदी में अनुदित |
| Statement of responsibility, etc | कुछ महिलाएँ, कुछ पुरूष / |
| 246 ## - VARYING FORM OF TITLE | |
| Title proper/short title | Mere mitra : kuchha mahilaayen, kuchha purusha |
| Remainder of title | by Khushwant Singh; translated from English to Hindi by Usha Mahajan |
| 260 ## - PUBLICATION, DISTRIBUTION, ETC. (IMPRINT) | |
| Place of publication, distribution, etc | नयी दिल्ली |
| Name of publisher, distributor, etc | किताबघर प्रकाशन |
| Date of publication, distribution, etc | 2008 |
| 270 ## - ADDRESS | |
| Address | 4855-56/24, अंसारी रोड, दरियागंज |
| City | नयी दिल्ली |
| Postal code | 110 002 |
| 300 ## - PHYSICAL DESCRIPTION | |
| Extent | 127पृ |
| Dimensions | 21सेमी(सजिल्द) |
| 650 ## - SUBJECT ADDED ENTRY--TOPICAL TERM | |
| Topical term or geographic name as entry element | स्मृति |
| General subdivision | साहित्यिक संग्रह |
| 650 ## - SUBJECT ADDED ENTRY--TOPICAL TERM | |
| Topical term or geographic name as entry element | Memory |
| General subdivision | Literary collections. |
| 700 ## - ADDED ENTRY--PERSONAL NAME | |
| Personal name | महाजन, उषा |
| 942 ## - ADDED ENTRY ELEMENTS (KOHA) | |
| Source of classification or shelving scheme | Dewey Decimal Classification |
| Item type | Hindi Books |
| Classification part | 808.883 |
| Call number suffix | खुशवं |
| Withdrawn status | Lost status | Source of classification or shelving scheme | Damaged status | Not for loan | Home library | Current library | Date acquired | Source of acquisition | Cost, normal purchase price | Total Checkouts | Full call number | Barcode | Date last seen | Copy number | Cost, replacement price | Koha item type |
|---|---|---|---|---|---|---|---|---|---|---|---|---|---|---|---|---|
| Dewey Decimal Classification | Not For Loan | D.B.Act.Division | D.B.Act.Division | 25/11/2008 | DBAD / PUB | 140.00 | 808.883 खुशवं | HN-57582 | 25/11/2008 | 1 | 140.00 | Hindi Books |
